| 000 | 01372cam a2200241 4500 | ||
|---|---|---|---|
| 001 | X126216 | ||
| 008 | 040517n2004 000 0 eng u | ||
| 035 | _a(Sirsi) u126216 | ||
| 100 | _aHui, E. | ||
| 245 | 3 | _aAn empirical study of the effects of land supply and lease conditions on the housing market: a case of Hong Kong | |
| 260 | _c2004 | ||
| 490 |
_aProperty Management _v22(2) 2004, 127-154(28) |
||
| 520 | _aInvestigates the effects of land supply and lease conditions on the housing market. Tests whether there exists a relationship between land supply and housing price, between development conditions in government land leases and housing supply and to what extent these development conditions affect Hong Kong's supply of private residential flats. Focuses on examining the supply side of private housing in Hong Kong, whilst limiting the investigation on how land supply and development conditions affect the supply of the private residential property market. Following the analysis of findings, the conclusion presents recommendations for policy change. Graphs, tables, map and references. [Taken from journal abstract]. | ||
| 590 | _aABS | ||
| 590 | _aABS | ||
| 650 | _aHONG KONG | ||
| 650 | _aPROPERTY MARKETING | ||
| 650 | _aLAND SUPPLY | ||
| 650 | _aLEASE CONDITIONS | ||
| 650 | _aHOUSE PRICES | ||
| 690 | _aHOUSING-MARKET | ||
| 942 | _n0 | ||
| 999 |
_c117360 _d117360 |
||